000 00928nam a22003137a 4500
001 BR0404206
003 BR-BrBNA
005 20230928101715.0
007 ta
008 230509b bl.||||| |||| 00| 0 por d
040 _aBR-BrBNA
_bpor
_cBiblioteca Nacional de Agricultura
041 _a(Por)
072 _aH10
_b4010
_b3877
090 _ 4010 BR0404206
100 1 _aMariconi, F.A.M.
245 1 _aInseticidas e seu emprego no combate às pragas (com uma introdução sobre o estudo dos insetos); tomo 1: defensivos
250 1 _a7. ed.
260 3 _aSão Paulo, SP (Brasil):
_bLivraria Nobel S/A,
_c1988.
300 _a305 p.
500 _aSeveral bibliography; 116 illus.
650 _aPRAGA DE PLANTA
650 _aINSETICIDA
650 _aBIOLOGIA
650 _aCONTROLE QUÍMICO
650 _aMÉTODO DE APLICAÇÃO
650 _aPULVERIZAÇÃO
909 _a202309
_bLucia
_c55
_dLucia Elande
942 _cBK
999 _c67178
_d67178